Ciencias naturales : (Record no. 87754)
[ view plain ]
| 000 -CABECERA | |
|---|---|
| campo de control de longitud fija | 00910nam a2200205 a 4500 |
| 005 - FECHA Y HORA DE LA ÚLTIMA TRANSACCIÓN | |
| campo de control | 20240611063710.0 |
| 008 - ELEMENTOS DE LONGITUD FIJA--INFORMACIÓN GENERAL | |
| campo de control de longitud fija | 011108s1995 mx r 000 0 spa d |
| 035 ## - NÚMERO DE CONTROL DEL SISTEMA | |
| Número de control de sistema | UPN01000113846 |
| 049 ## - COLECCIÓN | |
| Colección | AV |
| 099 ## - CLASIFICACIÓN LOCAL | |
| Clasificación local | CAS LB 0027 |
| 245 00 - MENCIÓN DE TÍTULO | |
| Título | Ciencias naturales : |
| Resto del título | 1. |
| 260 ## - PUBLICACIÓN, DISTRIBUCIÓN, ETC. | |
| Lugar de publicación, distribución, etc. | México : |
| Nombre del editor, distribuidor, etc. | SEP, Dirección General de Materiales y Métodos Educativos, |
| Fecha de publicación, distribución, etc. | c1995 |
| 300 ## - DESCRIPCIÓN FÍSICA | |
| Extensión | 2 casetes : |
| Otras características físicas | son. (120 min.) |
| 440 #3 - MENCIÓN DE SERIE/ASIENTO SECUNDARIO--TÍTULO | |
| Título | El conocimiento en la escuela |
| 500 ## - NOTA GENERAL | |
| Nota general | "Programa Nacional de Actualización Permanente" |
| 505 0# - NOTA DE CONTENIDO CON FORMATO PREESTABLECIDO | |
| Información miscelánea | Casete 1. |
| Título | ¿Para qué enseñar ciencias naturales? ¿Cómo enseñar ciencias naturales? -- |
| Información miscelánea | Casete 2. |
| Título | La ciencia en la escuela. |
| 520 ## - NOTA DE RESUMEN, ETC. | |
| Sumario, etc. | Charlas sobre la necesidad de promover el gusto por la actividad científica y sugerencias para despertar el interés del niño por estudiar y comprender la naturaleza. |
| 650 #4 - ASIENTO SECUNDARIO DE MATERIA - TERMINO TEMATICO | |
| Término de materia o nombre geográfico como elemento de entrada | Ciencias naturales |
| 9 (RLIN) | 10146 |
| 905 ## - TIPO DE MATERIAL | |
| Tipo de material | Audiovisuales |
| Estado de retiro | Estado de pérdida | Fuente del sistema de clasificación o colocación | Estado dañado | No para préstamo | Código de colección | Localización permanente | Ubicación/localización actual | Ubicación en estantería | Enumeración/cronología de publicación seriada | Total de préstamos | Clasificación | Código de barras | Fecha visto por última vez | Número de copia | Tipo de ítem Koha |
|---|---|---|---|---|---|---|---|---|---|---|---|---|---|---|---|
| Library of Congress Classification | Audiovisuales | Bib. Gregorio Torres Quintero | Bib. Gregorio Torres Quintero | Audiovisual | Casete 1 | CAS LB 0027 | 157683 | 31/12/2020 | 1 | Audiocasete | |||||
| Library of Congress Classification | Audiovisuales | Bib. Gregorio Torres Quintero | Bib. Gregorio Torres Quintero | Audiovisual | Casete 2 | CAS LB 0027 | 157684 | 31/12/2020 | 1 | Audiocasete |
